[Event "KETCHUPLOVER'S KONUNDRUM"]
[Site "SchemingMind.com"]
[Date "2019.08.30"]
[Round "-"]
[White "kenneth m day"]
[Black "Steven DuCharme"]
[Result "1-0"]
[WhiteCountry "USA"]
[BlackCountry "USA"]
[WhiteElo "1689"]
[WhiteRD "51"]
[BlackElo "1583"]
[BlackRD "56"]
[GameID "445267"]

1. e4 c6 2. d4 d5 3. Nc3 dxe4 4. Nxe4 Nf6 5. Bd3 Nbd7 6. Nf3 Nxe4 7. Bxe4 Nf6 8. Bd3 Bg4 9. c3 Qc7 10. h3 Bh5
11. g4 Bg6 12. Bxg6 hxg6 13. Ne5 e6 14. Bf4 Bd6 15. Qe2 Nd5 16. Bg3 O-O-O 17. O-O-O Rdf8 18. f4 Bxe5 19. dxe5 Rd8 20. Qe4 Nb6
21. Kb1 Rxd1+ 22. Rxd1 Rxh3 23. Be1 Nd5 24. c4 Re3 25. Qd4
1-0

[Event "KETCHUPLOVER'S KONUNDRUM"]
[Site "SchemingMind.com"]
[Date "2019.08.30"]
[Round "-"]
[White "grabapawn"]
[Black "kenneth m day"]
[Result "0-1"]
[WhiteCountry "USA"]
[BlackCountry "USA"]
[WhiteElo "1436"]
[WhiteRD "61"]
[BlackElo "1692"]
[BlackRD "51"]
[GameID "445268"]

1. d4 Nf6 2. Bf4 d6 3. e3 g6 4. Nc3 Bg7 5. Bd3 O-O 6. h4 h5 7. f3 Nc6 8. g4 hxg4 9. Qe2 gxf3 10. Nxf3 Bg4
11. O-O-O Qd7 12. Qg2 Nh5 13. Bg3 Qe6 14. Rde1 Nb4 15. Ng5 Nxd3+ 16. cxd3 Qc8 17. Nce4 c6 18. Nf2 f6 19. Nge4 Be6 20. Bh2 Bf7
21. Kb1 Qe6 22. Nc3 Rfc8 23. b3 b5 24. e4 a5 25. e5 dxe5 26. dxe5 fxe5 27. Nfe4 a4 28. Ng5 Qf5 29. Nce4 axb3 30. axb3 Qd7
31. Nxf7 Qxd3+ 32. Qc2 Ra1+ 33. Kb2 Ra2+
0-1

[Event "KETCHUPLOVER'S KONUNDRUM"]
[Site "SchemingMind.com"]
[Date "2019.08.30"]
[Round "-"]
[White "kenneth m day"]
[Black "grabapawn"]
[Result "1-0"]
[WhiteCountry "USA"]
[BlackCountry "USA"]
[WhiteElo "1689"]
[WhiteRD "51"]
[BlackElo "1454"]
[BlackRD "63"]
[GameID "445269"]

1. e4 d6 2. d4 Nf6 3. Nc3 Nbd7 4. Nf3 e5 5. Bc4 Be7 6. dxe5 dxe5 7. Bg5 c6 8. Qd2 Qc7 9. O-O-O O-O 10. h4 b5
11. Bb3 Nc5 12. Qe2 Nxb3+ 13. cxb3 Bg4 14. Kb1 a5 15. Rc1 Qb6 16. Be3 Bc5 17. Nd1 Bxe3 18. Qxe3 Qxe3 19. Nxe3 Bxf3 20. gxf3 Rfc8
21. Nf5 Ra7 22. Rhg1 g6 23. Nh6+ Kg7 24. Nf5+ Kf8 25. Nh6 Nh5 26. Ng4 Nf4 27. Rgd1 Ne2 28. Rc5 Nd4 29. Nxe5 Ne6 30. Rxc6 Rxc6
31. Nxc6 Rc7 32. Nxa5 Nf4 33. Rc1 Rxc1+ 34. Kxc1 Nd3+ 35. Kc2 Nxf2 36. Kc3 Nd1+ 37. Kb4 Nxb2 38. Kxb5 Nd3 39. a4 Ne5 40. f4 Nf3
41. Kc6 Nxh4 42. b4 Nf3 43. b5 Nd4+ 44. Kd7 h5 45. b6 h4 46. b7 h3 47. b8=Q+ Kg7 48. Qe5+ f6 49. Qxd4 h2 50. Qd1 g5
51. fxg5 fxg5 52. Qh1
1-0

[Event "KETCHUPLOVER'S KONUNDRUM"]
[Site "SchemingMind.com"]
[Date "2019.08.30"]
[Round "-"]
[White "kenneth m day"]
[Black "Mihir Chandrashekhar"]
[Result "1-0"]
[WhiteCountry "USA"]
[BlackCountry "IND"]
[WhiteElo "1689"]
[WhiteRD "51"]
[BlackElo "1862"]
[BlackRD "51"]
[GameID "445270"]

1. e4 e5 2. f4 exf4 3. Nf3 d6 4. d4 g5 5. g3 g4 6. Nh4 f3 7. Nc3 Be7 8. Bc4 Bxh4 9. Bf4 Bg5 10. Qd2 Bxf4
11. Qxf4 Qf6 12. Nd5
1-0

[Event "KETCHUPLOVER'S KONUNDRUM"]
[Site "SchemingMind.com"]
[Date "2019.08.30"]
[Round "-"]
[White "Mihir Chandrashekhar"]
[Black "kenneth m day"]
[Result "1-0"]
[WhiteCountry "IND"]
[BlackCountry "USA"]
[WhiteElo "1801"]
[WhiteRD "52"]
[BlackElo "1708"]
[BlackRD "53"]
[GameID "445271"]

1. e4 e5 2. Nf3 Nc6 3. Bc4 Bc5 4. d3 Nf6 5. c3 a6 6. b4 Be7 7. O-O d6 8. Nbd2 O-O 9. a4 Be6 10. Bb2 Qd7
11. Re1 d5 12. exd5 Nxd5 13. b5 axb5 14. axb5 Na5 15. Nxe5 Qd8 16. Bxd5 Bxd5 17. c4 Be6 18. d4 Bb4 19. d5 Bf5 20. Qf3 Qg5
21. Ne4 Bxe4 22. Rxe4 Bd6 23. Rg4 Qe7 24. Rxg7+ Kxg7 25. Qg4+
1-0

[Event "KETCHUPLOVER'S KONUNDRUM"]
[Site "SchemingMind.com"]
[Date "2019.08.30"]
[Round "-"]
[White "kenneth m day"]
[Black "Arnold Jones"]
[Result "0-1"]
[WhiteCountry "USA"]
[BlackCountry "ENG"]
[WhiteElo "1689"]
[WhiteRD "51"]
[BlackElo "1535"]
[BlackRD "66"]
[GameID "445272"]

1. e4 c5 2. d4 d5 3. e5 e6 4. c3 Bd7 5. Bd3 b5 6. Nf3 c4 7. Bg5 Ne7 8. Nbd2 cxd3 9. Nb3 Na6 10. Qxd3 Qc7
11. O-O b4 12. Qxa6 Nc8 13. Qd3 bxc3 14. bxc3 Nb6 15. Nbd2 h6 16. Bh4 g5 17. Bg3 a6 18. Rfc1 Bb5 19. Qc2 Ba3 20. Re1 Qe7
21. Nb3 Ba4 22. Nfd2 h5 23. h3 h4 24. Bh2 Nc4 25. Qd3 Bb5 26. Nxc4 dxc4 27. Qe4 O-O 28. Nd2 Bb2 29. Rab1 Bxc3 30. Re2 Ba5
31. g3 c3 32. Rxb5 axb5 33. Nb3 Bb6 34. Rc2 b4 35. Kg2 Ra7 36. gxh4 Qb7 37. Qxb7 Rxb7 38. hxg5 Kh7 39. Bg1 Rd7 40. f4 Kg6
41. Kg3 Kh5 42. Bf2 Rfd8 43. a3 bxa3 44. Rxc3 a2 45. Rc1 Rc7 46. Ra1 Rc3+
0-1

[Event "KETCHUPLOVER'S KONUNDRUM"]
[Site "SchemingMind.com"]
[Date "2019.08.30"]
[Round "-"]
[White "Arnold Jones"]
[Black "kenneth m day"]
[Result "1-0"]
[WhiteCountry "ENG"]
[BlackCountry "USA"]
[WhiteElo "1457"]
[WhiteRD "65"]
[BlackElo "1692"]
[BlackRD "51"]
[GameID "445273"]

1. c4 g6 2. d4 Nf6 3. Nf3 d6 4. Nc3 Bg7 5. e3 O-O 6. Be2 Nbd7 7. O-O c5 8. d5 e6 9. dxe6 fxe6 10. Qxd6 Ne8
11. Qxe6+ Rf7 12. Rd1 Qe7 13. Qxe7 Rxe7 14. Nd5 Rf7 15. Ng5 Rf5 16. Ne7+ Kh8 17. Nxf5 gxf5 18. a4 Bf6 19. Nf3 Nb6 20. a5 Nd7
21. Ra3 Ne5 22. Nxe5 Bxe5 23. Rd8 Bd7 24. Rxa8
1-0

[Event "KETCHUPLOVER'S KONUNDRUM"]
[Site "SchemingMind.com"]
[Date "2019.08.30"]
[Round "-"]
[White "kenneth m day"]
[Black "Thegreatvoid"]
[Result "0-1"]
[WhiteCountry "USA"]
[BlackCountry "USA"]
[WhiteElo "1708"]
[WhiteRD "53"]
[BlackElo "1635"]
[BlackRD "77"]
[GameID "445276"]

1. e4 d6 2. d4 Nf6 3. Nc3 g6 4. Nf3 Bg7 5. h3 c6 6. Be3 O-O 7. Be2 b5 8. Qd2 b4 9. Nd1 Nxe4 10. Qxb4 Ba6
11. Bxa6 Nxa6 12. Qc4 Qc8 13. O-O c5 14. dxc5 Naxc5 15. c3 e6 16. Nd4 d5 17. Qe2 Rb8 18. b4 Nd7 19. Rc1 e5 20. Nb3 Nb6
21. f3 Ng3 22. Qf2 Nxf1 23. Qxf1 Nc4 24. Bxa7 Ra8 25. Bc5 Re8 26. Rc2 e4 27. fxe4 Rxe4 28. Re2 Qe6 29. Rxe4 Qxe4 30. Qf2 Qb1
31. Qf3 Rxa2 32. Qxd5 h5 33. Qxc4 Qxd1+ 34. Kh2 Qc2
0-1

[Event "KETCHUPLOVER'S KONUNDRUM"]
[Site "SchemingMind.com"]
[Date "2019.08.30"]
[Round "-"]
[White "Thegreatvoid"]
[Black "kenneth m day"]
[Result "0-1"]
[WhiteCountry "USA"]
[BlackCountry "USA"]
[WhiteElo "1635"]
[WhiteRD "77"]
[BlackElo "1708"]
[BlackRD "53"]
[GameID "445277"]

1. c4 Nf6 2. Nc3 g6 3. g3 d6 4. Bg2 Bg7 5. Nf3 O-O 6. d3 Nc6 7. O-O Re8 8. Bg5 e5 9. Nd5 h6 10. Bxf6 Bxf6
11. Qd2 Bg7 12. e3 Ne7 13. e4 c6 14. Nc3 Be6 15. Rac1 Rc8 16. d4 exd4 17. Nxd4 Bxc4 18. Rfe1 Qd7 19. b3 Ba6 20. f4 Qg4
21. Nf3 Rcd8 22. Qc2 Qd7 23. Rcd1 f5 24. e5 Qc7 25. Nd5 Nxd5 26. Rxd5 dxe5 27. Rxd8 Rxd8 28. Nxe5 Qd6 29. Kh1 Re8 30. h3 Bxe5
0-1

[Event "KETCHUPLOVER'S KONUNDRUM"]
[Site "SchemingMind.com"]
[Date "2019.09.01"]
[Round "-"]
[White "Steven DuCharme"]
[Black "David Connolly"]
[Result "0-1"]
[WhiteCountry "USA"]
[BlackCountry "WLS"]
[WhiteElo "1583"]
[WhiteRD "56"]
[BlackElo "2019"]
[BlackRD "78"]
[GameID "445319"]

1. g3 c5 2. Bg2 g6 3. Nf3 Bg7 4. O-O Nc6 5. c3 e5 6. e4 Nge7 7. Re1 O-O 8. d4 exd4 9. cxd4 Nxd4 10. Nc3 Nec6
11. Nd5 d6 12. Be3 Bg4 13. h3 Bxf3 14. Bxf3 Nxf3+ 15. Qxf3 Nd4 16. Bxd4 Bxd4 17. Rab1 Qd7 18. Nf6+ Bxf6 19. Qxf6 Rad8 20. Kg2 Rfe8
21. Rbd1 Qe6 22. Qxe6 Rxe6 23. e5 d5 24. f4 f6 25. exf6 Kf7 26. Rxe6 Kxe6 27. Kf3 b5 28. Rh1 Kxf6 29. g4 a5 30. Re1 c4
31. h4 b4 32. g5+ Kf7 33. Kg4 d4 34. h5 d3 35. h6 d2 36. Rd1 c3
0-1

[Event "KETCHUPLOVER'S KONUNDRUM"]
[Site "SchemingMind.com"]
[Date "2019.09.01"]
[Round "-"]
[White "David Connolly"]
[Black "Steven DuCharme"]
[Result "1-0"]
[WhiteCountry "WLS"]
[BlackCountry "USA"]
[WhiteElo "2072"]
[WhiteRD "81"]
[BlackElo "1528"]
[BlackRD "53"]
[GameID "445320"]

1. e4 c5 2. Nf3 Nc6 3. Bb5 d6 4. O-O Bd7 5. Re1 a6 6. Bxc6 Bxc6 7. d4 cxd4 8. Nxd4 Rc8 9. c4 Nf6 10. Nc3 g6
11. Bg5 Bg7 12. Qd2 O-O 13. Bh6 Ng4 14. Bxg7 Kxg7 15. Nxc6 Rxc6 16. b3 h6 17. Rad1 e6 18. h3 Nf6 19. Re3 e5 20. Rd3 Ne8
21. f4 exf4 22. Qxf4 Qf6 23. Nd5 Qxf4 24. Nxf4 f5 25. Ne6+ Kf7 26. Nxf8 Kxf8 27. exf5 gxf5 28. Rf1 Ng7 29. g4
1-0

[Event "KETCHUPLOVER'S KONUNDRUM"]
[Site "SchemingMind.com"]
[Date "2019.09.01"]
[Round "-"]
[White "grabapawn"]
[Black "David Connolly"]
[Result "0-1"]
[WhiteCountry "USA"]
[BlackCountry "WLS"]
[WhiteElo "1454"]
[WhiteRD "63"]
[BlackElo "2019"]
[BlackRD "78"]
[GameID "445321"]

1. d4 d5 2. Bf4 Nf6 3. e3 c5 4. c3 Nc6 5. Bd3 Bg4 6. f3 Bd7 7. Nd2 Nh5 8. Bg3 g6 9. Bh4 cxd4 10. exd4 Nf4
11. Bf1 Bg7 12. g3 Ne6 13. Bd3 g5 14. Nh3 gxh4 15. gxh4 Qc7 16. Qe2 Nf4 17. Nxf4 Qxf4 18. O-O-O O-O-O 19. Kb1 Bf6 20. Nb3 Rhg8
21. h5 Rg5 22. a3 Rxh5 23. Nc5 Bf5 24. Ka1 Bxd3 25. Rxd3 Rg8 26. Qf2 Rhg5 27. h4 Rg2 28. Qe3 Qxe3 29. Rxe3 Rg1+ 30. Rxg1 Rxg1+
31. Ka2 Bxh4 32. f4 Bf6 33. Nd3 Rg4 34. a4 h5 35. Rh3 h4 36. Ne5 Rxf4 37. Nxf7 Kd7 38. Ne5+ Nxe5 39. dxe5 Bxe5 40. Rd3 Ke6
41. Kb3 Kf5 42. Rxd5 h3 43. Rd7 h2
0-1

[Event "KETCHUPLOVER'S KONUNDRUM"]
[Site "SchemingMind.com"]
[Date "2019.09.01"]
[Round "-"]
[White "David Connolly"]
[Black "grabapawn"]
[Result "1-0"]
[WhiteCountry "WLS"]
[BlackCountry "USA"]
[WhiteElo "2071"]
[WhiteRD "77"]
[BlackElo "1453"]
[BlackRD "54"]
[GameID "445322"]

1. g3 d6 2. d4 Nf6 3. Bg2 Nbd7 4. Nf3 e5 5. c4 Be7 6. Nc3 c6 7. e4 Qc7 8. O-O Nf8 9. h3 Ng6 10. Be3 h6
11. b4 Nh7 12. Ne1 Bd7 13. Rc1 Ng5 14. Kh2 h5 15. c5 O-O-O 16. Nd5
1-0

[Event "KETCHUPLOVER'S KONUNDRUM"]
[Site "SchemingMind.com"]
[Date "2019.09.01"]
[Round "-"]
[White "kenneth m day"]
[Black "David Connolly"]
[Result "0-1"]
[WhiteCountry "USA"]
[BlackCountry "WLS"]
[WhiteElo "1689"]
[WhiteRD "51"]
[BlackElo "2019"]
[BlackRD "78"]
[GameID "445323"]

1. e4 e6 2. d4 d5 3. Nd2 Nf6 4. e5 Nfd7 5. Bd3 c5 6. c3 Nc6 7. Ngf3 Be7 8. O-O a5 9. Re1 cxd4 10. cxd4 g5
11. Nb3 a4 12. Nbd2 g4 13. Qc2 Qb6 14. Re3 gxf3 15. Rxf3 Nxd4 16. Qc3 Bb4
0-1

[Event "KETCHUPLOVER'S KONUNDRUM"]
[Site "SchemingMind.com"]
[Date "2019.09.01"]
[Round "-"]
[White "David Connolly"]
[Black "kenneth m day"]
[Result "1-0"]
[WhiteCountry "WLS"]
[BlackCountry "USA"]
[WhiteElo "2072"]
[WhiteRD "81"]
[BlackElo "1692"]
[BlackRD "51"]
[GameID "445324"]

1. e4 e5 2. Nf3 Nc6 3. Bb5 a6 4. Ba4 Nf6 5. O-O Be7 6. Re1 b5 7. Bb3 d6 8. c3 Bb7 9. d4 exd4 10. cxd4 O-O
11. Nc3 Re8 12. h3 Bf8 13. Bg5 Be7 14. e5 dxe5 15. dxe5 Nd7 16. e6 fxe6 17. Bxe6+ Kh8 18. Bxd7 Rf8 19. Bxc6 Qxd1 20. Raxd1 Bxc6
21. Bxe7 Rf7 22. Ne5 Rxe7 23. Nxc6
1-0

[Event "KETCHUPLOVER'S KONUNDRUM"]
[Site "SchemingMind.com"]
[Date "2019.09.01"]
[Round "-"]
[White "David Connolly"]
[Black "Mihir Chandrashekhar"]
[Result "1/2-1/2"]
[WhiteCountry "WLS"]
[BlackCountry "IND"]
[WhiteElo "2019"]
[WhiteRD "78"]
[BlackElo "1862"]
[BlackRD "51"]
[GameID "445325"]

1. d4 Nf6 2. Nf3 e6 3. c4 b6 4. g3 Ba6 5. Qc2 c5 6. d5 exd5 7. cxd5 Bb7 8. e4 d6 9. Nc3 Na6 10. Bg2 Nc7
11. O-O g6 12. Bg5 Bg7 13. Qd2 h6 14. Be3 Nd7 15. Rfe1=
1/2-1/2

[Event "KETCHUPLOVER'S KONUNDRUM"]
[Site "SchemingMind.com"]
[Date "2019.09.01"]
[Round "-"]
[White "Mihir Chandrashekhar"]
[Black "David Connolly"]
[Result "1/2-1/2"]
[WhiteCountry "IND"]
[BlackCountry "WLS"]
[WhiteElo "1997"]
[WhiteRD "54"]
[BlackElo "2071"]
[BlackRD "77"]
[GameID "445326"]

1. e4 c5 2. Nf3 d6 3. d4 cxd4 4. Nxd4 Nf6 5. Nc3 g6 6. Be3 Bg7 7. f3 Nc6 8. Qd2 O-O 9. O-O-O d5 10. exd5 Nxd5
11. Nxc6 bxc6 12. Nxd5 cxd5 13. Qxd5 Qc7 14. Qxa8 Bf5 15. Qxf8+ Kxf8 16. Rd2 Qb8 17. b3 e6 18. Bc4 Qe5 19. Bd4 Qa5 20. Bxg7+ Kxg7
21. Rhd1 Qxa2 22. Re2 h5 23. Rd7 Kf6=
1/2-1/2

[Event "KETCHUPLOVER'S KONUNDRUM"]
[Site "SchemingMind.com"]
[Date "2019.09.01"]
[Round "-"]
[White "David Connolly"]
[Black "Arnold Jones"]
[Result "1-0"]
[WhiteCountry "WLS"]
[BlackCountry "ENG"]
[WhiteElo "2071"]
[WhiteRD "77"]
[BlackElo "1467"]
[BlackRD "68"]
[GameID "445327"]

1. d4 d5 2. c4 b6 3. cxd5 Bb7 4. e4 c6 5. dxc6 Nxc6 6. d5 Ne5 7. f4 Nd7 8. Nf3 Qc7 9. Be3 O-O-O 10. Na3 a6
11. Rc1 Nc5 12. Ne5 e6 13. b4 Kb8 14. bxc5 bxc5 15. Qa4 a5 16. Nb5 Qe7 17. Bxc5 Qe8 18. Ba7+ Ka8 19. Qxa5 Bd6 20. Bb6+ Kb8
21. Qa7#
1-0

[Event "KETCHUPLOVER'S KONUNDRUM"]
[Site "SchemingMind.com"]
[Date "2019.09.01"]
[Round "-"]
[White "Arnold Jones"]
[Black "David Connolly"]
[Result "0-1"]
[WhiteCountry "ENG"]
[BlackCountry "WLS"]
[WhiteElo "1467"]
[WhiteRD "68"]
[BlackElo "2071"]
[BlackRD "77"]
[GameID "445328"]

1. c4 c5 2. Nc3 g6 3. e3 Bg7 4. d4 Nf6 5. Nf3 O-O 6. Bd3 cxd4 7. Ne4 Nxe4 8. Bxe4 dxe3 9. fxe3 d6 10. Rb1 Qa5+
11. b4 Qxa2 12. Nd2 Nc6 13. Rb2 Bxb2 14. Bb1 Qa3 15. Bxb2 Qxb2 16. b5 Ne5 17. O-O Be6 18. Rf2 Qc3 19. Re2 Nxc4 20. Ne4 Qb4
21. Qd4 Qxb1+ 22. Kf2 Qxb5 23. Nc3 Qe5
0-1

[Event "KETCHUPLOVER'S KONUNDRUM"]
[Site "SchemingMind.com"]
[Date "2019.09.01"]
[Round "-"]
[White "David Connolly"]
[Black "Colin.Peeters"]
[Result "1-0"]
[WhiteCountry "WLS"]
[BlackCountry "ENG"]
[WhiteElo "2019"]
[WhiteRD "78"]
[BlackElo "1321"]
[BlackRD "79"]
[GameID "445329"]

1. d4 Nf6 2. Nf3 g6 3. c4 d5 4. cxd5 Nxd5 5. e4 Nb6 6. h3 Bg7 7. Nc3 O-O 8. Be2 c5 9. d5 Bxc3+ 10. bxc3 e5
11. Be3 Na6 12. Bxa6 bxa6 13. Bxc5 Re8 14. O-O
1-0

[Event "KETCHUPLOVER'S KONUNDRUM"]
[Site "SchemingMind.com"]
[Date "2019.09.01"]
[Round "-"]
[White "Colin.Peeters"]
[Black "David Connolly"]
[Result "0-1"]
[WhiteCountry "ENG"]
[BlackCountry "WLS"]
[WhiteElo "1321"]
[WhiteRD "79"]
[BlackElo "2019"]
[BlackRD "78"]
[GameID "445330"]

1. d4 e6 2. c3 f5 3. f3 Nf6 4. Bg5 Be7 5. Nd2 O-O 6. e4 fxe4 7. Nxe4 Nxe4 8. fxe4 Bxg5 9. Bc4 d5 10. exd5 exd5
11. Bb3 Re8+ 12. Ne2 Bg4 13. h3 Bh4+
0-1

[Event "KETCHUPLOVER'S KONUNDRUM"]
[Site "SchemingMind.com"]
[Date "2019.09.01"]
[Round "-"]
[White "David Connolly"]
[Black "Thegreatvoid"]
[Result "1-0"]
[WhiteCountry "WLS"]
[BlackCountry "USA"]
[WhiteElo "2071"]
[WhiteRD "77"]
[BlackElo "1501"]
[BlackRD "89"]
[GameID "445331"]

1. d4 Nf6 2. c4 g6 3. Nc3 d5 4. Nf3 Bg7 5. Bf4 c6 6. e3 O-O 7. Be2 Bg4 8. Qb3 Qb6 9. O-O Qxb3 10. axb3 dxc4
11. bxc4 Nbd7 12. h3 Bxf3 13. Bxf3 Rfe8 14. d5 cxd5 15. cxd5 Nb6 16. Rfd1 Rad8 17. Rxa7 Rd7 18. e4 Red8 19. Be2 e6 20. Bb5
1-0

[Event "KETCHUPLOVER'S KONUNDRUM"]
[Site "SchemingMind.com"]
[Date "2019.09.01"]
[Round "-"]
[White "Thegreatvoid"]
[Black "David Connolly"]
[Result "0-1"]
[WhiteCountry "USA"]
[BlackCountry "WLS"]
[WhiteElo "1501"]
[WhiteRD "89"]
[BlackElo "2071"]
[BlackRD "77"]
[GameID "445332"]

1. c4 c5 2. Nc3 g6 3. g3 Bg7 4. Bg2 Nc6 5. a3 b6 6. b4 Bb7 7. Rb1 d6 8. b5 Na5 9. Bxb7 Nxb7 10. Nf3 Nf6
11. O-O e6 12. d4 cxd4 13. Nxd4 Na5 14. Qd3 Rc8 15. Nc6 Nxc6 16. bxc6 Rxc6 17. Ne4 Nxe4 18. Qxe4 Qc7 19. Bb2 Bxb2 20. Rxb2 O-O
21. Rc2 Rc8 22. Qd4 d5
0-1

[Event "KETCHUPLOVER'S KONUNDRUM"]
[Site "SchemingMind.com"]
[Date "2019.09.01"]
[Round "-"]
[White "Steven DuCharme"]
[Black "Servelión Graterol Hernández"]
[Result "0-1"]
[WhiteCountry "USA"]
[BlackCountry "VEN"]
[WhiteElo "1538"]
[WhiteRD "53"]
[BlackElo "1813"]
[BlackRD "128"]
[GameID "445333"]

1. c4 e5 2. g3 Nf6 3. Bg2 d5 4. cxd5 Nxd5 5. Nc3 Nb6 6. b3 Be7 7. Bb2 O-O 8. Nf3 Nc6 9. O-O Bg4 10. h3 Bh5
11. a3 f5 12. e3 e4
0-1

[Event "KETCHUPLOVER'S KONUNDRUM"]
[Site "SchemingMind.com"]
[Date "2019.09.01"]
[Round "-"]
[White "Servelión Graterol Hernández"]
[Black "Steven DuCharme"]
[Result "1-0"]
[WhiteCountry "VEN"]
[BlackCountry "USA"]
[WhiteElo "1813"]
[WhiteRD "128"]
[BlackElo "1538"]
[BlackRD "53"]
[GameID "445334"]

1. e4 d6 2. d4 Nf6 3. Nc3 g6 4. Be3 Bg7 5. Qd2 O-O 6. O-O-O Ng4 7. Bg5 h6 8. Bh4 Nf6 9. f4 Bg4 10. Re1 a6
11. f5 gxf5 12. h3 Bh5 13. exf5 Nbd7 14. g4
1-0

[Event "KETCHUPLOVER'S KONUNDRUM"]
[Site "SchemingMind.com"]
[Date "2019.09.01"]
[Round "-"]
[White "grabapawn"]
[Black "Servelión Graterol Hernández"]
[Result "0-1"]
[WhiteCountry "USA"]
[BlackCountry "VEN"]
[WhiteElo "1453"]
[WhiteRD "54"]
[BlackElo "1813"]
[BlackRD "128"]
[GameID "445335"]

1. d4 Nf6 2. Bf4 e6 3. Nf3 c5 4. e3 Nc6 5. c3 d5 6. Bd3 Nh5 7. Bg3 Nxg3 8. hxg3 Qb6 9. Qc2 g6 10. Ng5 Be7
11. Nxf7 Kxf7 12. Bxg6+ hxg6 13. Rxh8 Kg7 14. Rh2 cxd4 15. exd4 e5 16. Qd2 Bf5 17. Qh6+ Kf7 18. Qh7+ Ke6 19. Nd2 Qxb2 20. Rd1 Qxc3
21. dxe5 Bd3 22. Qh3+ Kxe5 23. Qh6 Nb4 24. Qg7+ Bf6 25. f4+ Ke6 26. Qxb7 Nc2+ 27. Kf2 Bd4+ 28. Kf3 Bf5+
0-1

[Event "KETCHUPLOVER'S KONUNDRUM"]
[Site "SchemingMind.com"]
[Date "2019.09.01"]
[Round "-"]
[White "Servelión Graterol Hernández"]
[Black "grabapawn"]
[Result "1-0"]
[WhiteCountry "VEN"]
[BlackCountry "USA"]
[WhiteElo "1813"]
[WhiteRD "128"]
[BlackElo "1453"]
[BlackRD "54"]
[GameID "445336"]

1. e4 d6 2. d4 Nf6 3. Nc3 Nbd7 4. f4 e5 5. Nf3 Be7 6. dxe5 dxe5 7. fxe5 Ng4 8. Bf4 Bc5 9. Qd2 Bf2+ 10. Ke2 Bc5
11. h3 Nh6 12. Nd5 f6 13. Bxh6 gxh6 14. Qxh6 c6 15. Qh5+ Kf8 16. e6 Ne5 17. Nxe5 fxe5 18. Qf7#
1-0

[Event "KETCHUPLOVER'S KONUNDRUM"]
[Site "SchemingMind.com"]
[Date "2019.09.01"]
[Round "-"]
[White "kenneth m day"]
[Black "Servelión Graterol Hernández"]
[Result "0-1"]
[WhiteCountry "USA"]
[BlackCountry "VEN"]
[WhiteElo "1689"]
[WhiteRD "51"]
[BlackElo "2128"]
[BlackRD "96"]
[GameID "445337"]

1. e4 c5 2. d4 cxd4 3. c3 dxc3 4. Nxc3 Nc6 5. Nf3 e6 6. Bc4 a6 7. O-O Nge7 8. Bg5 h6 9. Bh4 g5 10. Bg3 Ng6
11. Qd2 Bg7 12. Rfd1 b5 13. Bb3 g4 14. Ne1 Qg5 15. Qxg5 hxg5 16. Rac1 Nf4 17. Rd2 Bb7 18. Nd3 Nxd3 19. Rxd3 Ne5 20. Bxe5 Bxe5
21. a3 Bxh2+ 22. Kf1 Be5 23. Bc2 Rh1+ 24. Ke2 Rxc1
0-1

[Event "KETCHUPLOVER'S KONUNDRUM"]
[Site "SchemingMind.com"]
[Date "2019.09.01"]
[Round "-"]
[White "Servelión Graterol Hernández"]
[Black "kenneth m day"]
[Result "1-0"]
[WhiteCountry "VEN"]
[BlackCountry "USA"]
[WhiteElo "2128"]
[WhiteRD "96"]
[BlackElo "1689"]
[BlackRD "51"]
[GameID "445338"]

1. e4 e5 2. Nf3 Nc6 3. Bb5 a6 4. Ba4 Nf6 5. O-O Be7 6. Re1 b5 7. Bb3 d6 8. c3 O-O 9. h3 Bb7 10. d4 exd4
11. cxd4 Qd7 12. Nc3 Rfe8 13. e5 dxe5 14. dxe5 Qxd1 15. Rxd1 Nh5 16. g4 Nb4 17. Ne1 Nf6 18. exf6 Bxf6 19. a3 Nc6 20. Bd5 Rad8
21. Bf4 Rd7 22. Bg2 Rde7 23. Nd5 Re2 24. Nxf6+ gxf6 25. Nd3 Ba8 26. Bh6 Nd4 27. Nf4
1-0

[Event "KETCHUPLOVER'S KONUNDRUM"]
[Site "SchemingMind.com"]
[Date "2019.09.01"]
[Round "-"]
[White "David Connolly"]
[Black "Servelión Graterol Hernández"]
[Result "0-1"]
[WhiteCountry "WLS"]
[BlackCountry "VEN"]
[WhiteElo "2019"]
[WhiteRD "78"]
[BlackElo "2128"]
[BlackRD "96"]
[GameID "445339"]

1. d4 Nf6 2. Nf3 e6 3. c4 b6 4. a3 Bb7 5. Nc3 d5 6. cxd5 Nxd5 7. e3 Nxc3 8. bxc3 Be7 9. Bb5+ c6 10. Bd3 O-O
11. O-O c5 12. e4 cxd4 13. cxd4 Nc6 14. Be3 Rc8 15. Qe2 Qd6 16. Rfd1 Rfd8 17. d5 exd5 18. Bc4 Nd4 19. Nxd4 dxc4 20. Nf5 Qe6
21. Nxe7+ Qxe7 22. Rxd8+ Qxd8 23. Rc1 c3 24. f3 Qd6
0-1

[Event "KETCHUPLOVER'S KONUNDRUM"]
[Site "SchemingMind.com"]
[Date "2019.09.01"]
[Round "-"]
[White "Servelión Graterol Hernández"]
[Black "David Connolly"]
[Result "1-0"]
[WhiteCountry "VEN"]
[BlackCountry "WLS"]
[WhiteElo "2128"]
[WhiteRD "96"]
[BlackElo "2019"]
[BlackRD "78"]
[GameID "445340"]

1. e4 c5 2. Nf3 d6 3. d4 cxd4 4. Nxd4 Nf6 5. Nc3 g6 6. Be3 Bg7 7. f3 O-O 8. Qd2 Nc6 9. Bc4 Bd7 10. O-O-O Rb8
11. Bb3 Na5 12. Bh6 Bxh6 13. Qxh6 e5 14. Ndb5 Nxb3+ 15. axb3 Bxb5 16. Nxb5 d5 17. exd5 Qa5 18. Nc3 Rbd8 19. d6 Rfe8 20. Rd3 Qa1+
21. Nb1 Qa6 22. Rhd1 Rd7 23. Qd2 Red8 24. c4 Qc6 25. Nc3 Ne8 26. Qe3
1-0

[Event "KETCHUPLOVER'S KONUNDRUM"]
[Site "SchemingMind.com"]
[Date "2019.09.01"]
[Round "-"]
[White "Mihir Chandrashekhar"]
[Black "Servelión Graterol Hernández"]
[Result "0-1"]
[WhiteCountry "IND"]
[BlackCountry "VEN"]
[WhiteElo "1862"]
[WhiteRD "51"]
[BlackElo "2128"]
[BlackRD "96"]
[GameID "445341"]

1. e4 c5 2. Nf3 d6 3. d4 cxd4 4. Nxd4 Nf6 5. Nc3 a6 6. Be3 e5 7. Nb3 Be6 8. Be2 Be7 9. Nd5 Nbd7 10. Qd2 Nxe4
11. Qb4 Bxd5 12. O-O-O a5 13. Qb5 Bc6
0-1

[Event "KETCHUPLOVER'S KONUNDRUM"]
[Site "SchemingMind.com"]
[Date "2019.09.01"]
[Round "-"]
[White "Servelión Graterol Hernández"]
[Black "Mihir Chandrashekhar"]
[Result "1-0"]
[WhiteCountry "VEN"]
[BlackCountry "IND"]
[WhiteElo "2128"]
[WhiteRD "96"]
[BlackElo "1862"]
[BlackRD "51"]
[GameID "445342"]

1. d4 Nf6 2. Bg5 Ne4 3. Bf4 d5 4. e3 Bf5 5. f3 Nd6 6. Nc3 e6 7. Qe2 Be7 8. O-O-O Nd7 9. e4 dxe4 10. fxe4 Bg6
11. h4 Bxh4 12. Nf3 Be7 13. e5 Nf5 14. d5 exd5 15. Rxd5 c6 16. Rd2 Qa5 17. g4
1-0

[Event "KETCHUPLOVER'S KONUNDRUM"]
[Site "SchemingMind.com"]
[Date "2019.09.01"]
[Round "-"]
[White "Arnold Jones"]
[Black "Servelión Graterol Hernández"]
[Result "0-1"]
[WhiteCountry "ENG"]
[BlackCountry "VEN"]
[WhiteElo "1467"]
[WhiteRD "68"]
[BlackElo "1813"]
[BlackRD "128"]
[GameID "445343"]

1. c4 e5 2. Nc3 Nf6 3. e3 Nc6 4. d4 exd4 5. exd4 d5 6. Nf3 Bb4 7. Bg5 Bg4 8. Qe2+ Be6 9. O-O-O Bxc3 10. bxc3 O-O
11. Ne5 h6 12. Nxc6 bxc6 13. Bxf6 Qxf6 14. c5 Rab8 15. Qe3 Rfe8 16. f3 Bf5 17. Qf4 Rb1+ 18. Kd2 Rb2+ 19. Kc1 Reb8 20. Bd3 Bxd3
21. Qxf6 Rc2#
0-1